[Event "2. BUNDESLIGA MITTE"]
[Site "Steyregg, Fuerstenfeld/Sauwald/Villach, St. Veit/Glan, Graz"]
[Date "2016.02.28"]
[Round "8"]
[Board "5"]
[White "Richterova, Natasa"]
[Black "Heimberger, Reinhard"]
[Result "1/2-1/2"]
[WhiteElo "2187"]
[BlackElo "2284"]
[PlyCount "210"]
[EventDate "2015.10.02"]
[EventType "team"]
[EventRounds "11"]
[EventCountry "AUT"]
[WhiteTeam "SV Steyregg"]
[BlackTeam "ASK Case IH SteyrSt. Valentin"]

1. e4 c5 2. Nf3 e6 3. b3 d6 4. c4 Nc6 5. Bb2 Nf6 6. Nc3 e5 7. h3 g6 8. g3 Bg7
9. Bg2 O-O 10. O-O h6 11. d3 Be6 12. Ne1 Qd7 13. Kh2 Nd4 14. Nc2 Nxc2 15. Qxc2
Nh7 16. Rae1 h5 17. h4 f5 18. exf5 Bxf5 19. Ne4 Nf6 20. Bc1 Rae8 21. Bg5 Ng4+
22. Kg1 b6 23. Qd2 Kh7 24. b4 Nf6 25. Bxf6 Bxf6 26. Kh2 Bxe4 27. Bxe4 cxb4 28.
Qxb4 Qe7 29. Kg2 Kg7 30. Rh1 Qc7 31. Re2 Be7 32. Qa4 Bf6 33. Qb4 Rb8 34. a4 Qc5
35. Qb5 Qc7 36. Bd5 Rbe8 37. Ra2 Bd8 38. Qb2 Qc5 39. Qb5 Re7 40. Qb2 Rf6 41.
Re1 Qc8 42. Re4 Qf5 43. Qe2 Bc7 44. Rb2 Re8 45. Re3 Ref8 46. Rf3 Qd7 47. Rxf6
Rxf6 48. Rb5 Qd8 49. Qe4 Rf8 50. Rb2 Qf6 51. Qe2 Bd8 52. Bf3 Rh8 53. Qe4 Kh6
54. Ra2 Rf8 55. Qc6 Qe7 56. Be4 Qe6 57. Rb2 Qf6 58. Re2 Rf7 59. Bd5 Re7 60. Re3
Rc7 61. Qe8 Rh7 62. Rf3 Qe7 63. Qb5 Rg7 64. Qb2 Qd7 65. d4 Qe8 66. Qe2 Kh7 67.
dxe5 dxe5 68. a5 bxa5 69. c5 Bc7 70. c6 Qe7 71. Rb3 a4 72. Rb7 Qc5 73. Be4 Kh6
74. Qd2+ Kh7 75. Qd1 Kh6 76. Qxa4 Bb6 77. Qa2 Qd4 78. Qc2 Bc7 79. Qd3 Qxd3 80.
Bxd3 Bb6 81. Rb8 Rc7 82. Be4 Kg7 83. Re8 Kf6 84. Bd5 Re7 85. Rf8+ Kg7 86. Rg8+
Kf6 87. Be4 Rg7 88. Re8 Bc7 89. f3 a5 90. Bd5 Re7 91. Rf8+ Kg7 92. Ra8 Bb6 93.
Ra6 Bc7 94. Ra8 Bb6 95. Rg8+ Kf6 96. Be4 Rg7 97. Rb8 Bc5 98. Rb5 Bb4 99. Rb6
Rc7 100. Ra6 g5 101. Kh3 gxh4 102. Kxh4 Be1 103. Kxh5 Bxg3 104. Rxa5 Bf4 105.
Ra8 Rg7 {Partie endete Remis nach 158 ZÃ¼gen} 1/2-1/2

[Event "2. BUNDESLIGA MITTE"]
[Site "Steyregg, Fuerstenfeld/Sauwald/Villach, St. Veit/Glan, Graz"]
[Date "2016.02.28"]
[Round "8"]
[Board "1"]
[White "Kuba, Guenter"]
[Black "Felsberger, Alfred"]
[Result "1/2-1/2"]
[WhiteElo "2361"]
[BlackElo "2334"]
[PlyCount "101"]
[EventDate "2015.10.02"]
[EventType "team"]
[EventRounds "11"]
[EventCountry "AUT"]
[WhiteTeam "SPG. Sparkasse Fuerstenfeld/Hartberg"]
[BlackTeam "Union Ansfelden"]

1. e4 c5 2. Nf3 e6 3. g3 Nc6 4. Bg2 Nf6 5. Qe2 d5 6. exd5 Nxd5 7. O-O Be7 8.
Rd1 O-O 9. d4 cxd4 10. Nxd4 Nxd4 11. Rxd4 Bf6 12. Rd1 Qc7 13. c4 Nb4 14. Nc3
Bxc3 15. bxc3 Nc6 16. Ba3 Re8 17. Rab1 Qa5 18. Bb4 Qc7 19. Bd6 Qa5 20. Bb4 Nxb4
21. cxb4 Qc7 22. c5 a6 23. Qd3 g6 24. h3 Re7 25. Qd6 Rd7 26. Qxc7 Rxc7 27. Rd8+
Kg7 28. Rc1 Rb8 29. a4 Kf6 30. b5 axb5 31. axb5 Ke7 32. Rh8 h5 33. h4 Rd7 34.
c6 bxc6 35. bxc6 Rc7 36. Rd1 Rb6 37. Rdd8 Ba6 38. Rhe8+ Kf6 39. Rd7 Rc8 40.
Rxc8 Bxc8 41. Rd8 Ba6 42. c7 Rb1+ 43. Kh2 Rc1 44. Ra8 Rxc7 45. Rxa6 Rc2 46. Kg1
Rc5 47. Ra7 Kg7 48. Kf1 Kf8 49. Be4 Kg7 50. Ke2 Rb5 51. Ke3 1/2-1/2

[Event "2. BUNDESLIGA MITTE"]
[Site "Steyregg, Fuerstenfeld/Sauwald/Villach, St. Veit/Glan, Graz"]
[Date "2016.02.28"]
[Round "8"]
[Board "2"]
[White "Weiss, Christian"]
[Black "Pilaj, Herwig"]
[Result "1/2-1/2"]
[WhiteElo "2353"]
[BlackElo "2381"]
[PlyCount "90"]
[EventDate "2015.10.02"]
[EventType "team"]
[EventRounds "11"]
[EventCountry "AUT"]
[WhiteTeam "Union Ansfelden"]
[BlackTeam "SPG. Sparkasse Fuerstenfeld/Hartberg"]

1. g3 g6 2. Bg2 Bg7 3. e4 e5 4. Ne2 c5 5. f4 exf4 6. Nxf4 Nc6 7. Nc3 Nf6 8. d3
d6 9. h3 h5 10. Be3 h4 11. g4 Nh7 12. Qd2 Bd4 13. Bxd4 cxd4 14. Nce2 O-O 15.
O-O Be6 16. Kh1 Rc8 17. c4 dxc3 18. bxc3 Ne5 19. Rab1 b6 20. c4 Qg5 21. Rf2 Nf6
22. Nd4 Nfd7 23. Nfxe6 Qxd2 24. Rxd2 fxe6 25. Nxe6 Rf6 26. Nd4 Nc5 27. Rbd1
Rcf8 28. Nc2 Rf2 29. Ne1 Ne6 30. Kg1 R2f6 31. Rc2 Nd4 32. Rb2 Kg7 33. a4 Kh6
34. Rdd2 Nef3+ 35. Nxf3 Nxf3+ 36. Bxf3 Rxf3 37. a5 bxa5 38. Rb5 Rg3+ 39. Rg2
Rxd3 40. g5+ Kh5 41. Rb7 Rg3 42. Rxg3 hxg3 43. Kg2 Kxg5 44. Kxg3 Rc8 45. Rxa7
Rxc4 1/2-1/2

[Event "2. BUNDESLIGA MITTE"]
[Site "Steyregg, Fuerstenfeld/Sauwald/Villach, St. Veit/Glan, Graz"]
[Date "2016.02.28"]
[Round "8"]
[Board "3"]
[White "Poetz, Florian"]
[Black "Knoll, Hermann"]
[Result "1-0"]
[WhiteElo "2385"]
[BlackElo "2331"]
[PlyCount "105"]
[EventDate "2015.10.02"]
[EventType "team"]
[EventRounds "11"]
[EventCountry "AUT"]
[WhiteTeam "SPG. Sparkasse Fuerstenfeld/Hartberg"]
[BlackTeam "Union Ansfelden"]

1. e4 e5 2. Nf3 Nc6 3. Bb5 a6 4. Ba4 Nf6 5. O-O Be7 6. Re1 b5 7. Bb3 d6 8. c3
O-O 9. h3 Bb7 10. d4 Re8 11. a4 h6 12. Nbd2 Bf8 13. Bc2 exd4 14. Nxd4 Nxd4 15.
cxd4 c5 16. d5 Nd7 17. b3 f5 18. exf5 Rxe1+ 19. Qxe1 Bxd5 20. Bb2 Nf6 21. Ne4
bxa4 22. Nxf6+ gxf6 23. Rxa4 Bf7 24. Qc3 Bg7 25. Rg4 Kh7 26. Qg3 Qf8 27. Qh4
Qd8 28. Qg3 Qf8 29. Rxg7+ Qxg7 30. Qxd6 Rg8 31. g3 Re8 32. Bxf6 Qf8 33. Be7 Qg8
34. f6+ Bg6 35. Qxc5 Bxc2 36. Qxc2+ Kh8 37. Qe2 Qf7 38. b4 Rc8 39. Kh2 Rc6 40.
Qe4 Re6 41. Qd5 h5 42. Qa8+ Kh7 43. Kg2 Kg6 44. Qf3 Kh7 45. g4 hxg4 46. Qf5+
Kh8 47. hxg4 Re1 48. Qh5+ Kg8 49. Qxf7+ Kxf7 50. f4 Ra1 51. f5 a5 52. g5 axb4
53. g6+ 1-0

[Event "2. BUNDESLIGA MITTE"]
[Site "Steyregg, Fuerstenfeld/Sauwald/Villach, St. Veit/Glan, Graz"]
[Date "2016.02.28"]
[Round "8"]
[Board "4"]
[White "Ennsberger, Ulrich"]
[Black "Radnetter, Georg"]
[Result "0-1"]
[WhiteElo "2314"]
[BlackElo "2323"]
[PlyCount "58"]
[EventDate "2015.10.02"]
[EventType "team"]
[EventRounds "11"]
[EventCountry "AUT"]
[WhiteTeam "Union Ansfelden"]
[BlackTeam "SPG. Sparkasse Fuerstenfeld/Hartberg"]

1. d4 e6 2. Nf3 Nf6 3. g3 b6 4. Bg2 Bb7 5. O-O Be7 6. c4 O-O 7. d5 exd5 8. Nh4
c6 9. cxd5 Nxd5 10. Nf5 Nc7 11. e4 d5 12. Nc3 Bf6 13. Bf4 d4 14. e5 dxc3 15.
exf6 Qxf6 16. Nxg7 Qxg7 17. Bxc7 cxb2 18. Rb1 Na6 19. Bf4 Nc5 20. Qh5 Rfe8 21.
Bh6 Qg6 22. Qh4 Ba6 23. Rxb2 Bxf1 24. Bxf1 Re4 25. Qh3 Rd8 26. Re2 Qe6 27. Qh5
Rd5 28. Bg5 Rxe2 29. Bxe2 Qg6 0-1

[Event "2. BUNDESLIGA MITTE"]
[Site "Steyregg, Fuerstenfeld/Sauwald/Villach, St. Veit/Glan, Graz"]
[Date "2016.02.28"]
[Round "8"]
[Board "5"]
[White "Stradner, Stefan"]
[Black "Mostbauer, Maximilian"]
[Result "1/2-1/2"]
[WhiteElo "2187"]
[BlackElo "2171"]
[PlyCount "113"]
[EventDate "2015.10.02"]
[EventType "team"]
[EventRounds "11"]
[EventCountry "AUT"]
[WhiteTeam "SPG. Sparkasse Fuerstenfeld/Hartberg"]
[BlackTeam "Union Ansfelden"]

1. d4 Nf6 2. c4 g6 3. Nc3 Bg7 4. e4 d6 5. f3 O-O 6. Bg5 c5 7. d5 e5 8. Qd2 a6
9. a4 Qa5 10. Ra3 Nh5 11. g4 Nf4 12. Nge2 Nxe2 13. Bxe2 f6 14. Be3 Qd8 15. h4
a5 16. h5 g5 17. h6 Bh8 18. Bf1 Bd7 19. Ne2 Be8 20. Ng3 Bg6 21. Nf5 b6 22. Be2
Na6 23. Rg1 Rf7 24. Ng3 Qf8 25. Rh1 Qd8 26. Kf2 Rb8 27. Raa1 Qd7 28. b3 Kf8 29.
Raf1 Ke8 30. Ke1 Kd8 31. Rf2 Kc7 32. Bf1 Kb7 33. Ne2 Rff8 34. Nc1 Rfc8 35. Bh3
Re8 36. Qd1 Qc7 37. Ne2 Nb4 38. Nc3 Rec8 39. Bf1 Qe7 40. Nb5 Be8 41. Na3 Bg6
42. Bd2 Na6 43. Bc3 Qd8 44. Nc2 Qc7 45. Ne3 Re8 46. Qd2 Rf8 47. Bd3 Rfe8 48.
Ke2 Rec8 49. Rff1 Ra8 50. Rb1 Rcb8 51. Qc1 Rc8 52. Bd2 Rcb8 53. Nc2 Kc8 54. Na3
Qe7 55. Kf2 Kb7 56. Qe1 Qd7 57. Nb5 1/2-1/2

[Event "2. BUNDESLIGA MITTE"]
[Site "Steyregg, Fuerstenfeld/Sauwald/Villach, St. Veit/Glan, Graz"]
[Date "2016.02.28"]
[Round "8"]
[Board "6"]
[White "Mostbauer, Florian"]
[Black "Hatzl, Johannes"]
[Result "1-0"]
[WhiteElo "2238"]
[BlackElo "2081"]
[PlyCount "71"]
[EventDate "2015.10.02"]
[EventType "team"]
[EventRounds "11"]
[EventCountry "AUT"]
[WhiteTeam "Union Ansfelden"]
[BlackTeam "SPG. Sparkasse Fuerstenfeld/Hartberg"]

1. c4 e5 2. g3 Nf6 3. Bg2 d5 4. cxd5 Nxd5 5. Nf3 Nc6 6. O-O Nb6 7. b3 Be7 8.
Bb2 f6 9. Nc3 O-O 10. d3 Be6 11. a3 Nd5 12. Qc2 Nxc3 13. Qxc3 a5 14. Rfd1 Qe8
15. Nd2 Ra6 16. e3 Qf7 17. d4 exd4 18. exd4 Bd5 19. Nc4 Bxg2 20. Kxg2 Na7 21.
Qf3 c6 22. a4 Bb4 23. d5 cxd5 24. Rxd5 Nc6 25. Rad1 Re8 26. Bc3 Bxc3 27. Nd6
Qe6 28. Nxe8 Qxe8 29. Qxc3 Qe4+ 30. Qf3 Qxf3+ 31. Kxf3 Rb6 32. Rb5 Ne5+ 33. Kg2
Rxb5 34. axb5 Kf7 35. f4 Ng4 36. Rd7+ 1-0

[Event "2. BUNDESLIGA MITTE"]
[Site "Steyregg, Fuerstenfeld/Sauwald/Villach, St. Veit/Glan, Graz"]
[Date "2016.02.28"]
[Round "8"]
[Board "1"]
[White "Freitag, Manfred"]
[Black "Burlacu, Bogdan"]
[Result "1/2-1/2"]
[WhiteElo "2378"]
[BlackElo "2291"]
[PlyCount "62"]
[EventDate "2015.10.02"]
[EventType "team"]
[EventRounds "11"]
[EventCountry "AUT"]
[WhiteTeam "ESV Austria Graz"]
[BlackTeam "Union Hartkirchen"]

1. e4 c5 2. Nf3 d6 3. d4 cxd4 4. Nxd4 Nf6 5. Nc3 a6 6. Bg5 e6 7. f4 Qc7 8. Bxf6
gxf6 9. Be2 Nc6 10. Nb3 b5 11. a3 Bb7 12. O-O O-O-O 13. f5 d5 14. fxe6 dxe4 15.
Qe1 Ne5 16. Qh4 Be7 17. exf7 Nxf7 18. Rad1 Kb8 19. Kh1 Ng5 20. Nd4 Bc5 21. Nf5
Qc6 22. Qg3+ Ka8 23. b4 Bb6 24. Rd6 Bc7 25. Rxc6 Bxg3 26. Rxa6+ Bxa6 27. Nxg3
Rc8 28. Nxb5 Rxc2 29. Nd4 Bxe2 30. Nxc2 Bxf1 31. Nxf1 Rd8 1/2-1/2

[Event "2. BUNDESLIGA MITTE"]
[Site "Steyregg, Fuerstenfeld/Sauwald/Villach, St. Veit/Glan, Graz"]
[Date "2016.02.28"]
[Round "8"]
[Board "2"]
[White "Jurek, Josef"]
[Black "Karner, Christoph"]
[Result "1/2-1/2"]
[WhiteElo "2289"]
[BlackElo "2308"]
[PlyCount "61"]
[EventDate "2015.10.02"]
[EventType "team"]
[EventRounds "11"]
[EventCountry "AUT"]
[WhiteTeam "Union Hartkirchen"]
[BlackTeam "ESV Austria Graz"]

1. Nf3 Nf6 2. g3 g6 3. c4 Bg7 4. Bg2 O-O 5. d4 d6 6. Nc3 Nbd7 7. O-O e5 8. e4
exd4 9. Nxd4 Re8 10. h3 Nc5 11. Re1 h6 12. Kh2 a5 13. Ndb5 Bd7 14. f3 h5 15.
Be3 h4 16. g4 g5 17. Bxg5 Bxb5 18. Nxb5 Nxg4+ 19. fxg4 Qxg5 20. Nxc7 Qf4+ 21.
Kg1 Be5 22. Re2 Ne6 23. Nxe6 Qh2+ 24. Kf1 fxe6 25. Rf2 Rf8 26. Bf3 Qg3 27. Ke2
Rf4 28. Qd3 Raf8 29. Raf1 R4f7 30. b3 Qf4 31. Qe3 1/2-1/2

[Event "2. BUNDESLIGA MITTE"]
[Site "Steyregg, Fuerstenfeld/Sauwald/Villach, St. Veit/Glan, Graz"]
[Date "2016.02.28"]
[Round "8"]
[Board "3"]
[White "Kotz, Heinz Peter"]
[Black "Windhager, Hannes"]
[Result "0-1"]
[WhiteElo "2291"]
[BlackElo "2176"]
[PlyCount "92"]
[EventDate "2015.10.02"]
[EventType "team"]
[EventRounds "11"]
[EventCountry "AUT"]
[WhiteTeam "ESV Austria Graz"]
[BlackTeam "Union Hartkirchen"]

1. Nf3 Nf6 2. g3 g6 3. Bg2 Bg7 4. O-O O-O 5. d3 d6 6. e4 c5 7. Nbd2 Nc6 8. a4
a6 9. Nc4 Rb8 10. Bd2 Nd7 11. Qc1 b5 12. axb5 axb5 13. Na5 Nxa5 14. Bxa5 Nb6
15. Bc3 e5 16. Nh4 Bb7 17. f4 Na4 18. f5 Nxc3 19. bxc3 Bf6 20. Qe1 Qe7 21. Qf2
Kg7 22. Nf3 gxf5 23. Nd2 f4 24. Bh3 Kh8 25. Ra7 Ra8 26. Rfa1 Rxa7 27. Rxa7 Ra8
28. Rxa8+ Bxa8 29. Bf5 Bg5 30. Nf3 fxg3 31. hxg3 Kg7 32. Bxh7 Kxh7 33. Nxg5+
Qxg5 34. Qxf7+ Qg7 35. Qh5+ Kg8 36. Qe8+ Qf8 37. Qg6+ Kh8 38. Qh5+ Kg7 39. Qg5+
Kf7 40. d4 Qg7 41. Qf5+ Ke7 42. g4 exd4 43. Qc8 Qf6 44. Qc7+ Ke6 45. cxd4 cxd4
46. Qa7 Qf7 0-1

[Event "2. BUNDESLIGA MITTE"]
[Site "Steyregg, Fuerstenfeld/Sauwald/Villach, St. Veit/Glan, Graz"]
[Date "2016.02.28"]
[Round "8"]
[Board "4"]
[White "Konrad, Edmund"]
[Black "Fahrner, Kurt"]
[Result "1/2-1/2"]
[WhiteElo "2193"]
[BlackElo "2294"]
[PlyCount "95"]
[EventDate "2015.10.02"]
[EventType "team"]
[EventRounds "11"]
[EventCountry "AUT"]
[WhiteTeam "Union Hartkirchen"]
[BlackTeam "ESV Austria Graz"]

1. e4 Nf6 2. e5 Nd5 3. d4 Nb6 4. Nf3 d5 5. exd6 cxd6 6. d5 e5 7. dxe6 Bxe6 8.
Nd4 Nc6 9. Nxe6 fxe6 10. Nc3 Qf6 11. Be3 Be7 12. Be2 d5 13. Bxb6 axb6 14. O-O
O-O 15. Kh1 Bb4 16. Nb5 Rad8 17. c3 Bc5 18. f4 d4 19. Qc2 dxc3 20. bxc3 e5 21.
f5 Qg5 22. Nc7 Rd2 23. Qb3+ Kh8 24. Ne6 Qe3 25. Bg4 Rf6 26. Rae1 Rf2 27. Rg1
Qd3 28. Nxc5 bxc5 29. Qxb7 Qd6 30. Rd1 Qf8 31. Bf3 Ne7 32. Qc7 Nxf5 33. Rge1
Nd4 34. cxd4 R6xf3 35. Kg1 Rf7 36. Qxc5 exd4 37. Qb5 R2f5 38. Qc4 Re7 39. Rxe7
Qxe7 40. Qxd4 h6 41. Qd8+ Qxd8 42. Rxd8+ Kh7 43. Ra8 Rc5 44. h3 Rc2 45. a4 Ra2
46. a5 Kg6 47. a6 Kh7 48. Kh2 1/2-1/2

[Event "2. BUNDESLIGA MITTE"]
[Site "Steyregg, Fuerstenfeld/Sauwald/Villach, St. Veit/Glan, Graz"]
[Date "2016.02.28"]
[Round "8"]
[Board "5"]
[White "Spindelboeck, Gernot"]
[Black "Mayerhofer, Peter"]
[Result "1-0"]
[WhiteElo "2262"]
[BlackElo "2183"]
[PlyCount "85"]
[EventDate "2015.10.02"]
[EventType "team"]
[EventRounds "11"]
[EventCountry "AUT"]
[WhiteTeam "ESV Austria Graz"]
[BlackTeam "Union Hartkirchen"]

1. d4 g6 2. Nf3 Bg7 3. g3 f5 4. Bg2 Nf6 5. O-O O-O 6. b3 d6 7. Bb2 c6 8. c4 Ne4
9. Nbd2 Nxd2 10. Qxd2 Nd7 11. d5 c5 12. Bxg7 Kxg7 13. e4 fxe4 14. Ng5 Nf6 15.
Nxe4 Nxe4 16. Bxe4 Bh3 17. Rfe1 Rf7 18. Qc3+ Kg8 19. Bg2 Qd7 20. Re2 Bxg2 21.
Kxg2 Raf8 22. Rae1 Qg4 23. h3 Qg5 24. Qd2 Qf5 25. f4 g5 26. Rxe7 gxf4 27. gxf4
Qf6 28. Rxf7 Rxf7 29. Re8+ Rf8 30. Rxf8+ Kxf8 31. Kf3 b6 32. Qe3 Qa1 33. a4
Qf1+ 34. Kg3 Qd1 35. Kh4 a5 36. Qe6 Qxb3 37. Qxd6+ Kg7 38. Qe7+ Kg6 39. Qe6+
Kg7 40. d6 Qc2 41. d7 Qd2 42. Qe7+ Kg6 43. Qg5+ 1-0

[Event "2. BUNDESLIGA MITTE"]
[Site "Steyregg, Fuerstenfeld/Sauwald/Villach, St. Veit/Glan, Graz"]
[Date "2016.02.28"]
[Round "8"]
[Board "6"]
[White "Ganglberger, Robert"]
[Black "Aschenbrenner, Robert"]
[Result "1-0"]
[WhiteElo "2046"]
[BlackElo "2212"]
[PlyCount "59"]
[EventDate "2015.10.02"]
[EventType "team"]
[EventRounds "11"]
[EventCountry "AUT"]
[WhiteTeam "Union Hartkirchen"]
[BlackTeam "ESV Austria Graz"]

1. Nf3 d5 2. d4 Bf5 3. Bf4 e6 4. e3 Bd6 5. Bg3 Bxg3 6. hxg3 h6 7. Bd3 c6 8.
Bxf5 exf5 9. c3 Nd7 10. Qc2 g6 11. Nbd2 Ngf6 12. c4 Qe7 13. Rc1 Kf8 14. a3 Kg7
15. cxd5 Nxd5 16. O-O N7f6 17. Nb3 Ne4 18. Nc5 Ng5 19. Nh4 Rhe8 20. Qb3 Rab8
21. Rfd1 Ne4 22. Qc2 Nxe3 23. fxe3 Nxg3 24. Nf3 Qxe3+ 25. Kh2 Ne2 26. Rb1 Re4
27. Nxe4 fxe4 28. Qd2 Qf2 29. Qe1 Qe3 30. Ng1 1-0

[Event "2. BUNDESLIGA MITTE"]
[Site "Steyregg, Fuerstenfeld/Sauwald/Villach, St. Veit/Glan, Graz"]
[Date "2016.02.28"]
[Round "8"]
[Board "1"]
[White "Schachinger, Mario"]
[Black "Huber, Martin Christian"]
[Result "1/2-1/2"]
[WhiteElo "2434"]
[BlackElo "2390"]
[PlyCount "46"]
[EventDate "2015.10.02"]
[EventType "team"]
[EventRounds "11"]
[EventCountry "AUT"]
[WhiteTeam "SC MPOE Maria Saal 2"]
[BlackTeam "Schachfreunde Graz"]

1. e4 e5 2. Nf3 Nc6 3. Bb5 Nf6 4. O-O Nxe4 5. d4 Nd6 6. Bg5 Be7 7. Bxe7 Qxe7 8.
Bxc6 dxc6 9. dxe5 Nf5 10. Nc3 Bd7 11. Qd3 O-O-O 12. Qe4 g5 13. Rad1 h5 14. Nd4
Nh4 15. Rfe1 Rhe8 16. g3 Ng6 17. e6 Bxe6 18. Nxc6 bxc6 19. Qxc6 Kb8 20. Qb5+
Ka8 21. Qc6+ Kb8 22. Qb5+ Ka8 23. Qc6+ Kb8 1/2-1/2

[Event "2. BUNDESLIGA MITTE"]
[Site "Steyregg, Fuerstenfeld/Sauwald/Villach, St. Veit/Glan, Graz"]
[Date "2016.02.28"]
[Round "8"]
[Board "2"]
[White "Schnider, Gert"]
[Black "Tratar, Marko"]
[Result "0-1"]
[WhiteElo "2333"]
[BlackElo "2472"]
[PlyCount "52"]
[EventDate "2015.10.02"]
[EventType "team"]
[EventRounds "11"]
[EventCountry "AUT"]
[WhiteTeam "Schachfreunde Graz"]
[BlackTeam "SC MPOE Maria Saal 2"]

1. d4 Nf6 2. c4 e6 3. Nc3 Bb4 4. Qc2 O-O 5. e4 d6 6. a3 Bxc3+ 7. bxc3 Nbd7 8.
Bd3 c5 9. Ne2 Qc7 10. Ng3 b6 11. O-O Ba6 12. f4 cxd4 13. cxd4 e5 14. Bb2 Rfe8
15. Nf5 exd4 16. Bxd4 Re6 17. Qf2 Nc5 18. Qg3 Nh5 19. Qg5 f6 20. Qxh5 Nxd3 21.
Rf3 Bxc4 22. Rh3 g6 23. Qg4 Rxe4 24. Nh6+ Kf8 25. Qh4 g5 26. Qg4 Rxd4 0-1

[Event "2. BUNDESLIGA MITTE"]
[Site "Steyregg, Fuerstenfeld/Sauwald/Villach, St. Veit/Glan, Graz"]
[Date "2016.02.28"]
[Round "8"]
[Board "3"]
[White "Handler, Lukas"]
[Black "Jusic, Zdenko"]
[Result "1-0"]
[WhiteElo "2390"]
[BlackElo "2258"]
[PlyCount "77"]
[EventDate "2015.10.02"]
[EventType "team"]
[EventRounds "11"]
[EventCountry "AUT"]
[WhiteTeam "SC MPOE Maria Saal 2"]
[BlackTeam "Schachfreunde Graz"]

1. Nf3 Nf6 2. g3 b5 3. Bg2 Bb7 4. O-O e6 5. d3 c5 6. e4 Be7 7. Nbd2 Qc7 8. Re1
d6 9. c3 Nc6 10. d4 cxd4 11. cxd4 e5 12. b3 Nb4 13. Ba3 a5 14. Bf1 Ba6 15. Bb2
Nc6 16. Rc1 Qb6 17. dxe5 Ng4 18. Rxc6 Qxc6 19. Nd4 Qc8 20. exd6 Bd8 21. Nf5 Bf6
22. Bxf6 Nxf6 23. Nxg7+ Kf8 24. Nf5 Qe6 25. Qf3 Qe5 26. h3 Bc8 27. Ne3 Rg8 28.
Bg2 Be6 29. Qe2 Rd8 30. Nf3 Qxe4 31. Qxb5 h6 32. Qxa5 Ra8 33. Qc3 Kg7 34. Ng5
Qg6 35. Nxe6+ fxe6 36. Bxa8 Rxa8 37. Ng2 Rxa2 38. Nf4 Qc2 39. Nh5+ 1-0

[Event "2. BUNDESLIGA MITTE"]
[Site "Steyregg, Fuerstenfeld/Sauwald/Villach, St. Veit/Glan, Graz"]
[Date "2016.02.28"]
[Round "8"]
[Board "6"]
[White "Krockenberger, Martin"]
[Black "Ertl, Johann"]
[Result "1/2-1/2"]
[WhiteElo "2228"]
[BlackElo "2303"]
[PlyCount "82"]
[EventDate "2015.10.02"]
[EventType "team"]
[EventRounds "11"]
[EventCountry "AUT"]
[WhiteTeam "Schachfreunde Graz"]
[BlackTeam "SC MPOE Maria Saal 2"]

1. d4 Nf6 2. c4 g6 3. Nc3 Bg7 4. e4 d6 5. f3 O-O 6. Be3 e5 7. Nge2 exd4 8. Nxd4
Re8 9. Qd2 Nbd7 10. Be2 c6 11. Rd1 Nb6 12. O-O Qe7 13. Bf2 d5 14. exd5 cxd5 15.
c5 Nbd7 16. Bb5 Qf8 17. c6 bxc6 18. Bxc6 Rb8 19. Nxd5 Nxd5 20. Bxd5 Ba6 21.
Rfe1 Rxe1+ 22. Rxe1 Ne5 23. Nc6 Rxb2 24. Qxb2 Nxf3+ 25. gxf3 Bxb2 26. Re7 Bb5
27. Rxf7 Qxf7 28. Bxf7+ Kxf7 29. Nxa7 Bd7 30. a4 Bxa4 31. Nc8 Ke6 32. Nb6 Bb3
33. Kg2 Be5 34. Be3 Bc7 35. Na8 Bd8 36. Nb6 Kd6 37. Bf4+ Kc6 38. Nc8 Be6 39.
Na7+ Kb6 40. Be3+ Kb7 41. Nb5 Bf6 1/2-1/2

[Event "2. BUNDESLIGA MITTE"]
[Site "Steyregg, Fuerstenfeld/Sauwald/Villach, St. Veit/Glan, Graz"]
[Date "2016.02.28"]
[Round "8"]
[Board "1"]
[White "Stevic, Hrvoje"]
[Black "Frosch, Erich"]
[Result "1-0"]
[WhiteElo "2602"]
[BlackElo "2251"]
[PlyCount "87"]
[EventDate "2015.10.02"]
[EventType "team"]
[EventRounds "11"]
[EventCountry "AUT"]
[WhiteTeam "SV Wolfsberg"]
[BlackTeam "RbEJ Gleisdorf"]

1. e4 e5 2. Nf3 Nc6 3. Bc4 Be7 4. d4 d6 5. h3 Nf6 6. Nc3 O-O 7. O-O exd4 8.
Nxd4 Nxd4 9. Qxd4 Be6 10. Bxe6 fxe6 11. e5 Nd7 12. exd6 Bxd6 13. Ne4 Nf6 14.
Qc4 Nd5 15. Qb3 Qc8 16. Rd1 Be7 17. c4 Nf6 18. Bg5 Nxe4 19. Bxe7 Re8 20. Bh4
Nd6 21. Bg3 Nf7 22. c5 a5 23. Rd3 Rd8 24. Rad1 Rxd3 25. Qxd3 e5 26. Qd7 Kf8 27.
f4 exf4 28. Bxf4 Qxd7 29. Rxd7 Rc8 30. a4 Rd8 31. Rxd8+ Nxd8 32. Bxc7 Nc6 33.
Kf2 Ke7 34. Ke3 Ke6 35. Ke4 Kd7 36. Be5 g6 37. Bc3 Ke6 38. g4 Ke7 39. Kd5 Kd7
40. Kc4 Ke6 41. Kb5 Kd5 42. Bxa5 Nxa5 43. Kxa5 Kxc5 44. b4+ 1-0

[Event "2. BUNDESLIGA MITTE"]
[Site "Steyregg, Fuerstenfeld/Sauwald/Villach, St. Veit/Glan, Graz"]
[Date "2016.02.28"]
[Round "8"]
[Board "2"]
[White "Manhardt, Thomas"]
[Black "Jovanovic, Zoran"]
[Result "0-1"]
[WhiteElo "2237"]
[BlackElo "2528"]
[PlyCount "66"]
[EventDate "2015.10.02"]
[EventType "team"]
[EventRounds "11"]
[EventCountry "AUT"]
[WhiteTeam "RbEJ Gleisdorf"]
[BlackTeam "SV Wolfsberg"]

1. e4 d6 2. d4 Nf6 3. Nc3 e5 4. Nf3 Nbd7 5. Bc4 Be7 6. O-O O-O 7. Re1 c6 8. a4
a5 9. b3 Nb6 10. Bd3 Bg4 11. dxe5 dxe5 12. h3 Be6 13. Bb2 Nfd7 14. Ne2 f6 15.
Ng3 Nc5 16. Bf1 Qxd1 17. Rexd1 g6 18. Ba3 Kf7 19. Be2 Rfd8 20. Rxd8 Rxd8 21.
Rd1 Re8 22. Ra1 Ncd7 23. Bxe7 Kxe7 24. Ne1 Nc5 25. Nd3 Nbd7 26. Nb2 Nb6 27. Nd3
Nxd3 28. Bxd3 Nd7 29. f3 Nc5 30. Be2 Rd8 31. Rd1 Rxd1+ 32. Bxd1 b5 33. b4 bxa4
 0-1

[Event "2. BUNDESLIGA MITTE"]
[Site "Steyregg, Fuerstenfeld/Sauwald/Villach, St. Veit/Glan, Graz"]
[Date "2016.02.28"]
[Round "8"]
[Board "3"]
[White "Reichmann, Egon"]
[Black "Watzka, Horst"]
[Result "1/2-1/2"]
[WhiteElo "2267"]
[BlackElo "2236"]
[PlyCount "36"]
[EventDate "2015.10.02"]
[EventType "team"]
[EventRounds "11"]
[EventCountry "AUT"]
[WhiteTeam "SV Wolfsberg"]
[BlackTeam "RbEJ Gleisdorf"]

1. d4 Nf6 2. Nf3 c5 3. d5 e6 4. Nc3 d6 5. e4 a6 6. a4 exd5 7. exd5 Be7 8. Be2
O-O 9. O-O Bg4 10. Nd2 Bxe2 11. Qxe2 Re8 12. Nc4 Nbd7 13. Bf4 Nb6 14. Ne3 Bf8
15. Qf3 Nbd7 16. Nc4 Nb6 17. Ne3 Nbd7 18. Nc4 Nb6 1/2-1/2

[Event "2. BUNDESLIGA MITTE"]
[Site "Steyregg, Fuerstenfeld/Sauwald/Villach, St. Veit/Glan, Graz"]
[Date "2016.02.28"]
[Round "8"]
[Board "4"]
[White "Sandner, Wolfgang"]
[Black "Hresc, Vladimir"]
[Result "1/2-1/2"]
[WhiteElo "2252"]
[BlackElo "2354"]
[PlyCount "96"]
[EventDate "2015.10.02"]
[EventType "team"]
[EventRounds "11"]
[EventCountry "AUT"]
[WhiteTeam "RbEJ Gleisdorf"]
[BlackTeam "SV Wolfsberg"]

1. e4 e5 2. Nf3 Nc6 3. Bb5 a6 4. Ba4 Nf6 5. d3 d6 6. c3 Be7 7. O-O O-O 8. Re1
b5 9. Bc2 Re8 10. Nbd2 Bf8 11. Nf1 h6 12. Ng3 d5 13. exd5 Nxd5 14. d4 exd4 15.
Rxe8 Qxe8 16. Nxd4 Nxd4 17. Qxd4 Qe1+ 18. Nf1 Nf6 19. Rb1 Qe6 20. Ra1 Bb7 21.
Be3 Bd6 22. Ng3 c5 23. Qh4 Qg4 24. Qxg4 Nxg4 25. Bd2 Rd8 26. Rd1 Bf8 27. Bf4
Rxd1+ 28. Bxd1 Nf6 29. Nf5 Bc8 30. Bc2 Be6 31. a3 g6 32. Ne3 c4 33. a4 Nd5 34.
Nxd5 Bxd5 35. axb5 axb5 36. Be3 f5 37. f4 Kf7 38. Kf2 Ke6 39. g3 Bg7 40. Bc5
Bf6 41. h4 Be4 42. Bd1 Kd5 43. Be3 h5 44. Bd2 Be7 45. Be3 Bf8 46. Bd2 Bc5+ 47.
Be3 Bf8 48. Bd2 Bc5+ 1/2-1/2